Microsoft Visual Foxpro T.2 /

Cuốn sách giới thiệu nội dung cơ bản của phần mềm Visual Poxpro nhằm giúp người sử dụng từng bước nắm vững việc triển khai các ứng dụng bằng phần mềm, nâng cao khả năng làm việc trong các hệ quản trị cơ sở dữ liệu và làm quen với việc lập trình....

Celý popis

Uloženo v:
Podrobná bibliografie
Hlavní autor: Nguyễn An Tế.
Další autoři: Nguyễn Tiến Dũng.
Médium: Kniha
Jazyk:Vietnamese
Vydáno: Hà Nội : Giáo dục, 1999.
Témata:
Tagy: Přidat tag
Žádné tagy, Buďte první, kdo otaguje tento záznam!
Thư viện lưu trữ: Mạng thư viện Đại học Đà Nẵng
LEADER 01309cam a2200373 i 4500
001 000043028
003 903
005 20030916092356.0
008 010217b1999 vm 000 vie
020 |c 22500 
040 |a IRC  |c IRC  |d IRC 
041 0 |a vie 
082 1 4 |a 005.13  |b NG-T 
100 1 |a Nguyễn An Tế. 
245 0 0 |a Microsoft Visual Foxpro  |n T.2 /  |c Nguyễn An Tế, Nguyễn Tiến Dũng. 
260 |a Hà Nội :  |b Giáo dục,  |c 1999. 
300 |a 199tr. ;  |c 20,5cm. 
520 3 |a Cuốn sách giới thiệu nội dung cơ bản của phần mềm Visual Poxpro nhằm giúp người sử dụng từng bước nắm vững việc triển khai các ứng dụng bằng phần mềm, nâng cao khả năng làm việc trong các hệ quản trị cơ sở dữ liệu và làm quen với việc lập trình. 
630 0 4 |a Tin học. 
630 0 4 |a Ngôn ngữ lập trình. 
630 0 4 |a Foxpro. 
630 0 4 |a Computer programs. 
650 0 4 |a Microsoft Visual Foxpro (Ngôn ngữ lập trình máy tính) 
700 1 |a Nguyễn Tiến Dũng. 
OWN |a DUT 
999 |a From the UDN01 
TYP |a Monograph 
TYP |a Printed language 
980 |a Mạng thư viện Đại học Đà Nẵng